| 000 | 00634nam a2200229Ia 4500 | ||
|---|---|---|---|
| 005 | 20250508162327.0 | ||
| 008 | 008 250505s9999 xx 000 0 hin d | ||
| 020 | _a0-13-339135-3 | ||
| 037 | _aTextual | ||
| 040 |
_aFEDL _beng _cFEDL |
||
| 041 |
_ahin _2eng |
||
| 084 |
_a150.1925, ROB _qFEDL |
||
| 100 |
_aRobinson Paul W _9149057 |
||
| 245 | 0 | _aFundamentals of experimental psychology | |
| 250 | _a2nd | ||
| 260 |
_aLondon, UK _bPrentice - Hall International _c1981 |
||
| 300 | _axv,415p. | ||
| 365 |
_aUSD _b19.95 |
||
| 650 | _aPsychology | ||
| 942 |
_cTEXL _h150.1925, ROB |
||
| 999 |
_c1375860 _d1375860 |
||